000 00988nam a22003017a 4500
003 EG-GICUC
005 20260121101429.0
008 251204s1973 nyu||||fr|||| 000 0 eng d
040 _aEG-GiCUC
_bara
_cEG-GiCUC
_dEG-GiCUC
_erda
041 _aeng
082 0 4 _221
_a341
_bJU. I
092 0 4 _221
099 _aLaw1 11 341 JU . I 1973
100 1 _a judge borhan Amrallah
_eAuthor.
245 _aThe international responsibility of the united nations for activities carried out by N.U peace-keeping forces :
_c judge borhan Amrallah.
264 1 _aNew york ;
_c1973.
_b[CEDAM],
300 _a82 pages ;
_c24 cm.
336 _2rda content
_atext
337 _2rda media
_aComputer
338 _2rda carrier
_aOnline Resource
504 _aIncludes bibliographical references.
546 _aText in English
650 1 4 _aInternational law
_2qrmak
651 1 _2qrmak
856 4 0 _uhttps://fll.law.cu.edu.eg/fulltext/bks/B11-06414.pdf
905 _a78
942 _2ddc
_cBK
_e21
_n0
999 _c48340
_d48340